Virtuální polytechnická knihovna - Souborný katalog - Úplný záznam dokumentu - MARC Uživatel: --- 
-----nas  22-----zu 4500
001 SKVPK0031903
003 CZ-VPK
005 20260424101400.0
008 260424d19581959||||| | |||  ||   |||||||
040   $aABA013$bcze
222  0$aNuclear Power : Year Book
245 00$aNuclear Power : Year Book
260   $aVelká Británie :$bLondon : Rowse Muir Publ.,$c1958-1959
650 07$afyzika$xfy$2psh
910   $aABA013$r1958-1959
OAI-PMH
 čtvrtek 14.05.2026 00:04:07 © 2001-2015 Národní technická knihovna 

[Virtuální polytechnická knihovna] [Servisní centrum] [Souborný katalog]